| 000 | 00530nam a2200181Ia 4500 | ||
|---|---|---|---|
| 999 |
_c4915 _d4915 |
||
| 020 | _a0-674-01917-2 | ||
| 082 | _a320.011 NUS-F | ||
| 100 | _aNussbaum, Martha C. | ||
| 245 | 0 | _aFrontiers of justice: disability, nationality, species membership | |
| 260 |
_aCambridge _bThe Belknap Press _c2006 |
||
| 300 | _axiii, 487 | ||
| 504 | _aincludes references and index | ||
| 650 | _aSocial justice | ||
| 650 |
_aPeople with disabilities _vCivil rights |
||
| 650 |
_aMinorities _vCivil rights |
||
| 650 | _aAnimal rights | ||
| 942 | _cBK | ||